Vector 21 : a strategic plan for the Defense Intelligence Agency.

Bibliographic Details
Corporate Author: United States. Defense Intelligence Agency
Format: Government Document Book
Language:English
Published: [Washington, D.C.] : The Agency, [1996?]
Subjects:
Online Access:Adobe Acrobat reader required to view entire document.

MARC

Tag First Indicator Second Indicator Subfields
LEADER 00000cmm a22000007a 4500
001 in00001402763
005 20151020052149.0
008 970729s1996 dcu u f eng d
010 |a gp 97066220  
035 |a (OCoLC)37378469 
035 |9 AHM2877AM 
040 |a GPO  |c GPO  |d DLC  |d MvI  |d UtOrBLW 
074 |a 0315-F-01 (online) 
086 0 |a D 5.202:97001672 
110 1 |a United States.  |b Defense Intelligence Agency. 
245 1 0 |a Vector 21 :  |b a strategic plan for the Defense Intelligence Agency. 
246 2 |a Vector 21, a strategic plan for the Defense Intelligence Agency 
246 3 |a Vector twenty-one 
246 3 0 |a Strategic plan for the Defense Intelligence Agency 
264 1 |a [Washington, D.C.] :  |b The Agency,  |c [1996?] 
336 |a computer program  |b cop  |2 rdacontent 
337 |a computer  |b c  |2 rdamedia 
338 |a unspecified  |b zu  |2 rdacarrier 
538 |a Mode of access: Internet from the DIA web site. 
500 |a Title from title screen. 
500 |a Electronic resource. 
610 1 0 |a United States.  |b Defense Intelligence Agency. 
650 0 |a Military intelligence  |z United States. 
856 7 |u http://www.dia.mil/vector.html  |2 http  |z Adobe Acrobat reader required to view entire document.  |t 0 
999 |a MARS 
999 f f |s c2199f36-66cc-328d-a372-d1a6f71b3c89  |i 535fabbe-5401-3b72-8ef5-ff4212a2c568  |t 0 
952 f f |a Texas A&M University  |b College Station  |c Electronic Resources  |d Available Online  |t 0  |e D 5.202:97001672  |h Superintendent of Documents classification 
998 f f |a D 5.202:97001672  |t 0  |l Available Online